000 00394nam a22001577a 4500
003 OSt
008 260504b |||||||| |||| 00| 0 eng d
082 _a633.1
_bK76U
100 _aKiro, Auqustine
245 _aUse of Nitrogen at Different Stages of Growth of Bala and Cauvery
260 _aPusa
_bRAU
_c1973
300 _a58P.
502 _bMsc.
_d1973
650 _aAgronomy
942 _2ddc
_cT
999 _c50396
_d50396